LIBRARY & INFORMATION CENTRE, KCAET, TAVANUR

ONLINE PUBLIC ACCESS CATALOGUE (OPAC)

Agriculture , Economics and resource management / (Record no. 9395)

MARC details
000 -LEADER
fixed length control field 00536cam a2200193ua 4500
020 ## - INTERNATIONAL STANDARD BOOK NUMBER
ISBN 0 87692 221 3
041 ## - LANGUAGE CODE
Language code of text/sound track or separate title eng
082 ## - DEWEY DECIMAL CLASSIFICATION NUMBER
Classification number 630.33
Item number SNO/AG
100 ## - MAIN ENTRY--AUTHOR NAME
Personal name Snodgrass, MIlton M .
245 ## - TITLE STATEMENT
Title Agriculture , Economics and resource management /
250 ## - EDITION STATEMENT
Edition statement 2 /
260 ## - PUBLICATION, DISTRIBUTION, ETC. (IMPRINT)
Place of publication New Delhi :
Name of publisher Prentice Hall of India Pvt Ltd. ,
Year of publication 1984.
300 ## - PHYSICAL DESCRIPTION
Number of Pages 545 ; .
700 1# - ADDED ENTRY--PERSONAL NAME
Personal name Wallace, L T .
942 ## - ADDED ENTRY ELEMENTS (KOHA)
Koha item type Books
Holdings
Withdrawn status Lost status Damaged status Home library Current library Date acquired Full call number Accession Number Koha item type
      KAUAET KAUAET 07/04/2012 630.33 15904 Books
free website counter